[Event "Tradewise Gibraltar Master 2015"]
[Site "Gibraltar ENG"]
[Date "2015.02.02"]
[Round "7.99"]
[White "Freuler, Roman"]
[Black "Machlik, Edit"]
[Result "0-1"]
[WhiteElo "2071"]
[BlackElo "1913"]
[PlyCount "138"]
[EventDate "2015.01.27"]
[EventType "swiss"]
[EventRounds "10"]
[EventCountry "ENG"]
[Source "lmi"]
[SourceDate "2015.01.27"]

1. e4 c6 2. d4 d5 3. exd5 cxd5 4. Bd3 Nc6 5. c3 Qc7 6. Nf3 Bg4 7. O-O Nf6 8.
Nbd2 e6 9. Qc2 Bd6 10. h3 Bh5 11. a3 Bg6 12. c4 dxc4 13. Nxc4 O-O 14. Bxg6 hxg6
15. Be3 Na5 16. Rfc1 Rac8 17. Qd3 Nxc4 18. b3 b5 19. Qe2 Nd5 20. Nd2 Nf4 21.
Bxf4 Bxf4 22. bxc4 Bxd2 23. Qxd2 bxc4 24. Rc3 Rfd8 25. Rac1 e5 26. d5 Qc5 27.
d6 Qxd6 28. Qxd6 Rxd6 29. Rxc4 Rxc4 30. Rxc4 Ra6 31. Rc8+ Kh7 32. Rc3 g5 33. g4
Kg6 34. Kg2 Kf6 35. Kf3 Ke6 36. Rd3 g6 37. Ke2 f6 38. f3 Ra4 39. Rb3 Kd5 40.
Kd3 Kc5 41. Kd2 Rd4+ 42. Kc2 Rf4 43. Kd2 f5 44. Ke2 e4 45. fxe4 Rxe4+ 46. Kf3
Ra4 47. Re3 Kd4 48. Re6 Rxa3+ 49. Kg2 fxg4 50. hxg4 Ra5 51. Rxg6 Ke4 52. Rf6
Rb5 53. Ra6 Rb7 54. Ra4+ Ke3 55. Ra3+ Kd4 56. Ra5 Rg7 57. Kf3 Kc4 58. Ke3 Kb4
59. Re5 a5 60. Kd2 a4 61. Kc2 Rc7+ 62. Kb1 Rc5 63. Re3 Rc4 64. Rg3 Kc5 65. Kb2
Kd5 66. Ka3 Ke5 67. Rf3 Rxg4 68. Rf8 Rf4 69. Rg8 Kf5 0-1

[Event "Tradewise Gibraltar Master 2015"]
[Site "Gibraltar ENG"]
[Date "2015.02.02"]
[Round "7.100"]
[White "Weishaeutel, Moritz"]
[Black "Skutta, Bernd"]
[Result "1-0"]
[WhiteElo "1905"]
[BlackElo "2059"]
[PlyCount "81"]
[EventDate "2015.01.27"]
[EventType "swiss"]
[EventRounds "10"]
[EventCountry "ENG"]
[Source "lmi"]
[SourceDate "2015.01.27"]

1. e4 g6 2. d4 Bg7 3. Nc3 d6 4. Be3 a6 5. f4 b5 6. Nf3 Bb7 7. Bd3 Nd7 8. e5 c5
9. Be4 Qc8 10. Bxb7 Qxb7 11. dxc5 dxe5 12. Qd5 Qxd5 13. Nxd5 Rc8 14. Nb6 Nxb6
15. cxb6 Nf6 16. fxe5 Nd5 17. Bf2 O-O 18. Rd1 e6 19. c3 Rb8 20. O-O Rfc8 21.
Bd4 h6 22. Rf2 Rc6 23. Rdf1 Nxb6 24. Nd2 Rc7 25. b3 Rd7 26. Ne4 b4 27. Nc5 Rd5
28. Nxa6 Rb7 29. Nxb4 Bxe5 30. Bxb6 Rdd7 31. Be3 Bxc3 32. Na6 Rd5 33. Nc5 Rc7
34. Ne4 Rd3 35. Nxc3 Rxe3 36. Nb5 Rd7 37. Na3 f5 38. Nc4 Re4 39. a4 Rd3 40. Rf3
Rxf3 41. gxf3 1-0

[Event "Tradewise Gibraltar Master 2015"]
[Site "Gibraltar ENG"]
[Date "2015.02.02"]
[Round "7.101"]
[White "Byrn, Carsten"]
[Black "Kim, Yongjoo"]
[Result "0-1"]
[WhiteElo "2044"]
[BlackElo "1903"]
[PlyCount "58"]
[EventDate "2015.01.27"]
[EventType "swiss"]
[EventRounds "10"]
[EventCountry "ENG"]
[Source "lmi"]
[SourceDate "2015.01.27"]

1. d4 d5 2. c4 c6 3. Nf3 Nf6 4. Nc3 dxc4 5. a4 Bf5 6. Ne5 Nbd7 7. Nxc4 Nb6 8.
Ne5 a5 9. f3 Nfd7 10. Nd3 Bxd3 11. Qxd3 e5 12. Be3 Bd6 13. g3 O-O 14. Bh3 Qe7
15. O-O exd4 16. Bxd4 Bc5 17. Rfd1 Bxd4+ 18. Qxd4 Nc5 19. Bf5 Rfd8 20. Qf2 Nc4
21. e4 g6 22. Bh3 Nd3 23. Rxd3 Rxd3 24. Bf1 Rd2 25. Qe1 Qc5+ 26. Kh1 Rad8 27.
Rd1 Rxd1 28. Nxd1 Qd4 29. Nc3 Nxb2 0-1

[Event "Tradewise Gibraltar Master 2015"]
[Site "Gibraltar ENG"]
[Date "2015.02.02"]
[Round "7.102"]
[White "Suez-Panama, Gilles"]
[Black "Gravett, Alan D"]
[Result "1-0"]
[WhiteElo "2030"]
[BlackElo "1877"]
[PlyCount "45"]
[EventDate "2015.01.27"]
[EventType "swiss"]
[EventRounds "10"]
[EventCountry "ENG"]
[Source "lmi"]
[SourceDate "2015.01.27"]

1. d4 Nf6 2. Nf3 d6 3. c4 Nbd7 4. Bf4 g6 5. Nc3 Bg7 6. h3 O-O 7. e3 Re8 8. Be2
c5 9. O-O a6 10. Bh2 Qb6 11. a3 e5 12. dxc5 Qxc5 13. b4 Qc7 14. Rc1 Nb6 15. Nd2
Be6 16. Nd5 Bxd5 17. cxd5 Qd7 18. e4 Bh6 19. f4 Rac8 20. Rxc8 Nxc8 21. fxe5
Bxd2 22. Qxd2 Nxe4 23. Qd3 1-0

[Event "Tradewise Gibraltar Master 2015"]
[Site "Gibraltar ENG"]
[Date "2015.02.02"]
[Round "7.103"]
[White "Curado, Manuel Joao Ferro"]
[Black "Lien, Kjell Hakon"]
[Result "0-1"]
[WhiteElo "1860"]
[BlackElo "2020"]
[PlyCount "64"]
[EventDate "2015.01.27"]
[EventType "swiss"]
[EventRounds "10"]
[EventCountry "ENG"]
[Source "lmi"]
[SourceDate "2015.01.27"]

1. e4 c5 2. Nf3 d6 3. d4 cxd4 4. Nxd4 Nf6 5. Nc3 Bd7 6. Be2 Nc6 7. Nxc6 Bxc6 8.
Bf3 g6 9. O-O Bg7 10. Be3 O-O 11. Qd2 Nd7 12. Rad1 f5 13. Nd5 Ne5 14. Bg5 Nxf3+
15. gxf3 Rf7 16. Rfe1 fxe4 17. fxe4 Qd7 18. Bf4 Qg4+ 19. Bg3 h5 20. Qe2 Qxe2
21. Rxe2 Bxb2 22. Nf4 Kh7 23. Nd3 Bg7 24. Rb1 g5 25. h4 gxh4 26. Bxh4 Rg8 27.
Kf1 Bh6 28. Rb4 Rfg7 29. f4 a5 30. Rb6 Rf7 31. f5 Rg4 32. Be1 Rxe4 0-1

[Event "Tradewise Gibraltar Master 2015"]
[Site "Gibraltar ENG"]
[Date "2015.02.02"]
[Round "7.104"]
[White "Machlik, Monika"]
[Black "Aure, Anders Nilsson"]
[Result "1-0"]
[WhiteElo "2015"]
[BlackElo "1688"]
[PlyCount "51"]
[EventDate "2015.01.27"]
[EventType "swiss"]
[EventRounds "10"]
[EventCountry "ENG"]
[Source "lmi"]
[SourceDate "2015.01.27"]

1. d4 f5 2. c4 Nf6 3. Nc3 e6 4. Nf3 d5 5. Bf4 Be7 6. e3 O-O 7. Bd3 c6 8. Qc2
Na6 9. a3 Nc7 10. h3 h6 11. Ne5 g5 12. Bh2 Kg7 13. g4 Ne4 14. gxf5 exf5 15.
O-O-O Nxc3 16. Qxc3 Be6 17. c5 Rg8 18. Qc2 Qc8 19. f4 Ne8 20. Rdf1 Rf8 21. Rhg1
Kh7 22. fxg5 Bxg5 23. Bf4 Bxf4 24. Rxf4 Ng7 25. Qg2 Qc7 26. Qg6+ 1-0

[Event "Tradewise Gibraltar Master 2015"]
[Site "Gibraltar ENG"]
[Date "2015.02.02"]
[Round "7.107"]
[White "Fomani, Medhi"]
[Black "Gouait, Raymond"]
[Result "1-0"]
[WhiteElo "2033"]
[BlackElo "1595"]
[PlyCount "112"]
[EventDate "2015.01.27"]
[EventType "swiss"]
[EventRounds "10"]
[EventCountry "ENG"]
[Source "lmi"]
[SourceDate "2015.01.27"]

1. d4 Nf6 2. Bg5 e6 3. e4 d6 4. Nc3 h6 5. Bh4 Be7 6. Bd3 O-O 7. Qe2 e5 8. dxe5
dxe5 9. O-O-O Nc6 10. Nf3 Be6 11. Bb5 Nd4 12. Qf1 Bd6 13. Bc4 c6 14. Kb1 a6 15.
Nxd4 exd4 16. Rxd4 Qc7 17. Bxf6 gxf6 18. Bxe6 fxe6 19. Qd1 Rad8 20. Qg4+ Kf7
21. Qh5+ Kg7 22. e5 Bxe5 23. Rg4+ Kh8 24. Rg6 Rf7 25. Rxh6+ Rh7 26. Rxh7+ Qxh7
27. Qxh7+ Kxh7 28. Ne4 b6 29. g3 Kg6 30. f4 Bc7 31. Re1 e5 32. fxe5 Bxe5 33. c3
Kh6 34. Rf1 Kg6 35. Kc2 f5 36. Nf2 Rh8 37. Rh1 Kg5 38. Kd2 c5 39. Ke2 c4 40.
Kf3 b5 41. h4+ Kh5 42. Re1 Bb8 43. Nh3 Rg8 44. Nf4+ Bxf4 45. Kxf4 Rg4+ 46. Kf3
Rg6 47. Re5 Rf6 48. Kf4 Kg6 49. a3 Rd6 50. Rxf5 Rd2 51. h5+ Kg7 52. Kg5 Rxb2
53. h6+ Kg8 54. Kg6 Rh2 55. g4 Rh3 56. g5 a5 1-0

[Event "Tradewise Gibraltar Master 2015"]
[Site "Gibraltar ENG"]
[Date "2015.02.02"]
[Round "7.108"]
[White "Klug, Christian"]
[Black "Nwoye, Nnamdi"]
[Result "1-0"]
[WhiteElo "1884"]
[BlackElo "2015"]
[PlyCount "81"]
[EventDate "2015.01.27"]
[EventType "swiss"]
[EventRounds "10"]
[EventCountry "ENG"]
[Source "lmi"]
[SourceDate "2015.01.27"]

1. Nf3 c5 2. e4 Nc6 3. c3 d5 4. exd5 Qxd5 5. d4 Bg4 6. dxc5 Qxd1+ 7. Kxd1 Bxf3+
8. gxf3 g6 9. Be3 Bg7 10. Nd2 Nf6 11. Kc2 Nd5 12. Rd1 O-O 13. Nc4 Rfd8 14. Bg2
Rd7 15. Rd2 Rad8 16. Rhd1 e5 17. Bh3 Nxe3+ 18. fxe3 Rxd2+ 19. Rxd2 Rxd2+ 20.
Kxd2 f5 21. Nd6 Nd8 22. e4 Bh6+ 23. Kd3 fxe4+ 24. Kxe4 Bf4 25. Bc8 b6 26. cxb6
axb6 27. h3 Kg7 28. Bd7 Kf6 29. Kd5 Nf7 30. Nc8 Be3 31. Kc6 Ng5 32. Nxb6 Bxb6
33. Kxb6 Nxf3 34. a4 Nd2 35. b4 e4 36. Bb5 Nb1 37. a5 Nxc3 38. Bc4 e3 39. a6
Nd5+ 40. Kb7 Nxb4 41. a7 1-0

[Event "Tradewise Gibraltar Master 2015"]
[Site "Gibraltar ENG"]
[Date "2015.02.02"]
[Round "7.109"]
[White "George, Lolomari Erekosima"]
[Black "Henderson De La Fuente, Lance"]
[Result "1/2-1/2"]
[WhiteElo "1857"]
[BlackElo "2014"]
[PlyCount "78"]
[EventDate "2015.01.27"]
[EventType "swiss"]
[EventRounds "10"]
[EventCountry "ENG"]
[Source "lmi"]
[SourceDate "2015.01.27"]

1. Nf3 d5 2. c4 e6 3. b3 Nf6 4. Bb2 c6 5. e3 Bd6 6. d4 Nbd7 7. Bd3 O-O 8. O-O
Ne4 9. Nbd2 f5 10. Ne5 g5 11. f3 Nxd2 12. Qxd2 Qe8 13. Nxd7 Bxd7 14. e4 Qh5 15.
g3 Rf7 16. Bc3 Raf8 17. e5 Be7 18. Bb4 Be8 19. Bxe7 Rxe7 20. cxd5 cxd5 21. Rac1
h6 22. Rc3 Qf7 23. Rfc1 Qg7 24. Qc2 a6 25. a4 h5 26. h3 g4 27. f4 gxh3 28. Kh2
Qg6 29. Bf1 Rg7 30. Bxh3 Qh6 31. Qf2 Bc6 32. Bf1 h4 33. Bh3 hxg3+ 34. Rxg3 Rff7
35. Rcg1 Rxg3 36. Qxg3+ Rg7 37. Qxg7+ Qxg7 38. Rxg7+ Kxg7 39. Bf1 Kh6 1/2-1/2

[Event "Tradewise Gibraltar Master 2015"]
[Site "Gibraltar ENG"]
[Date "2015.02.02"]
[Round "7.110"]
[White "Christophe-Hayot, Romain"]
[Black "Godinho Marques, Pedro"]
[Result "1-0"]
[WhiteElo "1793"]
[BlackElo "1950"]
[PlyCount "145"]
[EventDate "2015.01.27"]
[EventType "swiss"]
[EventRounds "10"]
[EventCountry "ENG"]
[Source "lmi"]
[SourceDate "2015.01.27"]

1. Nf3 c5 2. d4 cxd4 3. Nxd4 Nf6 4. Nc3 a6 5. e4 e5 6. Nf3 Bb4 7. Bc4 Qc7 8.
Qd3 d6 9. O-O Nbd7 10. Nd5 Nxd5 11. Bxd5 Nf6 12. c4 Nxd5 13. cxd5 Bd7 14. Qb3
Bc5 15. Bg5 Qb6 16. Qxb6 Bxb6 17. Rfe1 Rc8 18. Rac1 f6 19. Rxc8+ Bxc8 20. Be3
Ba5 21. Rc1 Bd7 22. a3 Ke7 23. b4 Bd8 24. Nd2 Bb5 25. Nb3 b6 26. Nd2 Kd7 27.
Nc4 Bxc4 28. Rxc4 Bc7 29. Rc6 Rb8 30. h4 g6 31. g4 a5 32. b5 Rb7 33. f4 Rb8 34.
Kg2 Rb7 35. a4 Rb8 36. Kf3 Rb7 37. f5 gxf5 38. exf5 Ke7 39. g5 Kf7 40. Ke4 Kg7
41. Bc1 Kf7 42. Ba3 Bd8 43. Bc1 Rc7 44. gxf6 Rxc6 45. bxc6 Bc7 46. Bg5 b5 47.
axb5 a4 48. Be3 a3 49. b6 a2 50. bxc7 a1=Q 51. c8=Q Qb1+ 52. Kf3 e4+ 53. Kf4
Qf1+ 54. Kxe4 Qh1+ 55. Kf4 Qxh4+ 56. Kf3 Qh3+ 57. Kf2 Qh2+ 58. Kf1 Qh3+ 59. Ke2
Qg2+ 60. Kd1 Qxd5+ 61. Bd2 Qb3+ 62. Ke2 Qc4+ 63. Kf3 Qd3+ 64. Be3 Qf1+ 65. Ke4
Qh1+ 66. Kd4 Qa1+ 67. Kd5 Qe5+ 68. Kc4 Qe4+ 69. Kb5 Qd3+ 70. Ka5 Qa3+ 71. Kb5
Qb3+ 72. Ka6 Qa3+ 73. Kb7 1-0

[Event "Tradewise Gibraltar Master 2015"]
[Site "Gibraltar ENG"]
[Date "2015.02.02"]
[Round "7.111"]
[White "Sajjadi, Kimiya"]
[Black "Tortolero, Cesar"]
[Result "1/2-1/2"]
[WhiteElo "1634"]
[BlackElo "1937"]
[PlyCount "105"]
[EventDate "2015.01.27"]
[EventType "swiss"]
[EventRounds "10"]
[EventCountry "ENG"]
[Source "lmi"]
[SourceDate "2015.01.27"]

1. d4 e6 2. c4 b6 3. e4 Bb7 4. Bd3 Bb4+ 5. Bd2 Bxd2+ 6. Nxd2 Ne7 7. Ngf3 O-O 8.
O-O Ng6 9. Rc1 d6 10. Bb1 Nd7 11. Qe2 e5 12. d5 a5 13. a3 Nf4 14. Qe3 Nf6 15.
h3 a4 16. Ne1 Bc8 17. Nd3 g5 18. Rfe1 Kh8 19. Nf1 Nd7 20. Ng3 Nc5 21. Nb4 Bd7
22. Nf5 Qf6 23. Rc3 Bxf5 24. exf5 h5 25. Kh2 g4 26. Rg1 Rg8 27. Qe1 Rg7 28. Qd1
Rag8 29. Re1 h4 30. Rf1 gxh3 31. gxh3 Qg5 32. Qf3 Qg2+ 33. Qxg2 Rxg2+ 34. Kh1
Ne2 35. Re3 Nd4 36. Nc6 Nxc6 37. dxc6 f6 38. Bc2 R2g5 39. Rfe1 Rb8 40. R1e2 b5
41. cxb5 Rxb5 42. Bb1 Rb6 43. f4 Rg7 44. fxe5 dxe5 45. Rc3 Nb3 46. Re4 Nd4 47.
Rxh4+ Kg8 48. Ba2+ Kf8 49. Rh8+ Ke7 50. Rc8 Kd6 51. Rd8+ Ke7 52. Rd7+ Kf8 53.
Rd8+ 1/2-1/2

[Event "Tradewise Gibraltar Master 2015"]
[Site "Gibraltar ENG"]
[Date "2015.02.02"]
[Round "7.112"]
[White "Opasiak, Dustin Tennessee"]
[Black "Downey, Keith"]
[Result "1-0"]
[WhiteElo "1729"]
[BlackElo "1919"]
[PlyCount "81"]
[EventDate "2015.01.27"]
[EventType "swiss"]
[EventRounds "10"]
[EventCountry "ENG"]
[Source "lmi"]
[SourceDate "2015.01.27"]

1. e4 c5 2. Nf3 d6 3. Bb5+ Bd7 4. a4 Nf6 5. Nc3 e6 6. O-O Nc6 7. Re1 Be7 8. d4
cxd4 9. Nxd4 O-O 10. h3 Rc8 11. Be3 Qc7 12. Bf1 a6 13. Qd2 Ne5 14. f4 Ng6 15.
g4 Bc6 16. Bg2 Rfe8 17. Nxc6 bxc6 18. Qf2 Nd7 19. g5 d5 20. Ne2 Rb8 21. f5 exf5
22. exf5 Nge5 23. b3 a5 24. Ng3 Bb4 25. Re2 Rbd8 26. Nh5 Bf8 27. Kh1 Rb8 28.
Rae1 Red8 29. Bd4 Bd6 30. Rf1 Re8 31. f6 g6 32. Nf4 Rb4 33. Nd3 Rbb8 34. Nc5
Nxc5 35. Bxc5 Re6 36. Rfe1 Rbe8 37. Bb6 Qb8 38. Bxa5 Bb4 39. Qh4 Bf8 40. Bc3
Qd8 41. Rxe5 1-0

[Event "Tradewise Gibraltar Master 2015"]
[Site "Gibraltar ENG"]
[Date "2015.02.02"]
[Round "7.113"]
[White "Jameson, David"]
[Black "Bohman, Leif"]
[Result "1-0"]
[WhiteElo "2068"]
[BlackElo "1803"]
[PlyCount "61"]
[EventDate "2015.01.27"]
[EventType "swiss"]
[EventRounds "10"]
[EventCountry "ENG"]
[Source "lmi"]
[SourceDate "2015.01.27"]

1. e4 e6 2. d4 d5 3. Nc3 Nf6 4. Bg5 Be7 5. e5 Nfd7 6. h4 c5 7. Bxe7 Qxe7 8. Nb5
Nb6 9. Nd6+ Kf8 10. dxc5 N6d7 11. Nxc8 Qxc5 12. Nd6 Nxe5 13. Ne4 Qb4+ 14. Nd2
Nbc6 15. c3 Qxb2 16. Qc1 Qb6 17. Qa3+ Ke8 18. Rb1 Qc7 19. Ngf3 Nd7 20. Be2 f6
21. c4 Kf7 22. cxd5 exd5 23. O-O Rhe8 24. Qd3 Nb6 25. Rxb6 axb6 26. Qxd5+ Ke7
27. Bc4 Ne5 28. Nxe5 fxe5 29. Ne4 Qd7 30. Qxd7+ Kxd7 31. Bb5+ 1-0

[Event "Tradewise Gibraltar Master 2015"]
[Site "Gibraltar ENG"]
[Date "2015.02.02"]
[Round "7.114"]
[White "Spanton, Tim R"]
[Black "Bauer, Dieter"]
[Result "1-0"]
[WhiteElo "1963"]
[BlackElo "1728"]
[PlyCount "83"]
[EventDate "2015.01.27"]
[EventType "swiss"]
[EventRounds "10"]
[EventCountry "ENG"]
[Source "lmi"]
[SourceDate "2015.01.27"]

1. e4 g6 2. d4 c6 3. Nf3 Bg7 4. Bd3 d6 5. c3 Bg4 6. Nbd2 e6 7. Nf1 Bxf3 8. Qxf3
Nd7 9. Ne3 Qe7 10. O-O e5 11. d5 c5 12. Bd2 Bh6 13. a4 Bxe3 14. Bxe3 h5 15. a5
h4 16. b4 g5 17. Rab1 Nh6 18. Qh5 Nf6 19. Bb5+ Kf8 20. Qxg5 Nxe4 21. Qxe7+ Kxe7
22. bxc5 Nxc5 23. Be2 Rab8 24. Bg5+ Kd7 25. Bxh4 Kc7 26. f4 e4 27. Bf2 f5 28.
h3 Nf7 29. Bd4 Rh7 30. Rb5 Rg8 31. Kh2 Kb8 32. Rfb1 Nh6 33. Bxc5 dxc5 34. Rxc5
Nf7 35. a6 b6 36. Rc6 Rhg7 37. g4 Rg6 38. Rxg6 Rxg6 39. gxf5 Rg8 40. Rg1 Rc8
41. c4 Nd6 42. f6 1-0

[Event "Tradewise Gibraltar Master 2015"]
[Site "Gibraltar ENG"]
[Date "2015.02.02"]
[Round "7.115"]
[White "Homer, Neil S"]
[Black "Greibrokk, Ingrid Andrea"]
[Result "1-0"]
[WhiteElo "1716"]
[BlackElo "1758"]
[PlyCount "135"]
[EventDate "2015.01.27"]
[EventType "swiss"]
[EventRounds "10"]
[EventCountry "ENG"]
[Source "lmi"]
[SourceDate "2015.01.27"]

1. Nf3 c5 2. c4 Nc6 3. d4 cxd4 4. Nxd4 Nf6 5. Nc3 g6 6. e4 d6 7. Be2 Bg7 8. Be3
O-O 9. O-O Nxd4 10. Bxd4 Be6 11. f3 Rc8 12. b3 Nd7 13. Bxg7 Kxg7 14. Qd4+ Kg8
15. Qxa7 Nc5 16. Qa3 Qb6 17. Kh1 Ra8 18. Qc1 Ra3 19. Nd5 Bxd5 20. cxd5 Ra7 21.
Bc4 Rfa8 22. Qc2 Qb4 23. a4 Rc8 24. Rfc1 b6 25. Qd1 Nxa4 26. Qe1 Qxe1+ 27. Rxe1
Rcc7 28. bxa4 Rxc4 29. Rab1 Ra6 30. Re2 Rcxa4 31. Reb2 Ra1 32. Kg1 Rxb1+ 33.
Rxb1 Kf8 34. Kf2 Ke8 35. Rb2 Kd7 36. Ke2 Kc7 37. Kd3 Ra5 38. Kc4 Rc5+ 39. Kb4
e6 40. dxe6 fxe6 41. Rd2 Kc6 42. h3 d5 43. exd5+ exd5 44. Re2 d4 45. Re6+ Kc7
46. Re4 Rd5 47. Kc4 Kd6 48. Kd3 b5 49. Re8 Kd7 50. Rh8 h5 51. Rg8 Rd6 52. Rb8
Kc6 53. Rc8+ Kb7 54. Rc1 Kb6 55. Rb1 Rc6 56. Rb2 Rc4 57. Re2 Kc6 58. Re6+ Kd5
59. Rxg6 Rc3+ 60. Kd2 b4 61. Rg8 b3 62. Rd8+ Kc4 63. Rb8 Rc2+ 64. Kd1 Kd3 65.
Rxb3+ Rc3 66. Rxc3+ dxc3 67. g4 hxg4 68. fxg4 1-0

[Event "Tradewise Gibraltar Master 2015"]
[Site "Gibraltar ENG"]
[Date "2015.02.02"]
[Round "7.116"]
[White "Magnusdottir, Veronika Steinun"]
[Black "Kuenitz, Klaus"]
[Result "0-1"]
[WhiteElo "1566"]
[BlackElo "1680"]
[PlyCount "55"]
[EventDate "2015.01.27"]
[EventType "swiss"]
[EventRounds "10"]
[EventCountry "ENG"]
[Source "lmi"]
[SourceDate "2015.01.27"]

1. e4 e6 2. d4 d5 3. Nd2 dxe4 4. Nxe4 Nd7 5. Nf3 Ngf6 6. Nxf6+ Nxf6 7. Bd3 c5
8. dxc5 Bxc5 9. O-O O-O 10. Bg5 h6 11. Bh4 Be7 12. Qe2 Qd5 13. Ne5 Qd4 14. Bxf6
Bxf6 15. Nc4 Rb8 16. Rad1 Qf4 17. c3 Rd8 18. g3 Qc7 19. f4 b5 20. Ne5 Bb7 21.
Be4 Bxe5 22. fxe5 Qc5+ 23. Kg2 Qxe5 24. Rxd8+ Rxd8 25. Re1 Qxe4+ 26. Qxe4 Bxe4+
27. Rxe4 Rd2+ 28. Kf3 0-1

[Event "Tradewise Gibraltar Master 2015"]
[Site "Gibraltar ENG"]
[Date "2015.02.02"]
[Round "7.117"]
[White "Kristinsson, Magnus"]
[Black "Bouxo, Luis Antonio Maximi"]
[Result "1-0"]
[WhiteElo "1744"]
[BlackElo "1711"]
[PlyCount "42"]
[EventDate "2015.01.27"]
[EventType "swiss"]
[EventRounds "10"]
[EventCountry "ENG"]
[Source "lmi"]
[SourceDate "2015.01.27"]

1. e4 c5 2. Nf3 Nc6 3. d4 cxd4 4. Nxd4 Nf6 5. Nc3 g6 6. Be3 Bg7 7. Bc4 O-O 8.
f3 d6 9. Qd2 Bd7 10. O-O-O a6 11. g4 Rc8 12. Bb3 Na5 13. Bh6 Nxb3+ 14. Nxb3 Bc6
15. Bxg7 Kxg7 16. Nd4 Qa5 17. h4 h5 18. gxh5 Nxh5 19. Rdg1 Rh8 20. Rg5 Qc7 21.
Rxg6+ fxg6 1-0

[Event "Tradewise Gibraltar Master 2015"]
[Site "Gibraltar ENG"]
[Date "2015.02.02"]
[Round "7.118"]
[White "Beadle, John R"]
[Black "Tveten, Per"]
[Result "1-0"]
[WhiteElo "1694"]
[BlackElo "1601"]
[PlyCount "113"]
[EventDate "2015.01.27"]
[EventType "swiss"]
[EventRounds "10"]
[EventCountry "ENG"]
[Source "lmi"]
[SourceDate "2015.01.27"]

1. e4 e5 2. Nf3 Nc6 3. Bb5 d6 4. O-O Bd7 5. c3 Nf6 6. Re1 Be7 7. d4 exd4 8.
cxd4 a6 9. Ba4 b5 10. Bc2 Bg4 11. Be3 O-O 12. Nbd2 d5 13. e5 Nd7 14. h3 Bh5 15.
Qc1 Nb4 16. Bb1 Bg6 17. Bxg6 fxg6 18. Qc3 c5 19. dxc5 Nc6 20. b4 Qc7 21. Bd4
Rf4 22. Be3 Rf5 23. Nd4 Rxe5 24. N2f3 Re4 25. Nd2 Re5 26. f4 Rxe3 27. Qxe3 Bf6
28. Nxc6 Qxc6 29. Rad1 Kf7 30. Nf3 h6 31. Qb3 Kf8 32. Qxd5 Nb8 33. Qxc6 Nxc6
34. a3 a5 35. Rd6 axb4 36. Rxc6 bxa3 37. Ne5 a2 38. Ra1 g5 39. Nd7+ Ke7 40.
Nxf6 gxf6 41. fxg5 hxg5 42. Rb6 Ra5 43. Kf2 f5 44. Ke3 Kd7 45. Kd4 g4 46. hxg4
fxg4 47. Ke5 b4 48. Kd4 Kc7 49. Kc4 b3 50. Rxb3 Kc6 51. Rb6+ Kc7 52. Kb4 Ra8
53. Rg6 Rb8+ 54. Kc4 Rb2 55. Rxg4 Rc2+ 56. Kb3 Rxc5 57. Rc4 1-0

[Event "Tradewise Gibraltar Master 2015"]
[Site "Gibraltar ENG"]
[Date "2015.02.03"]
[Round "8.2"]
[White "Bachmann, Axel"]
[Black "Howell, David W L"]
[Result "1/2-1/2"]
[WhiteElo "2629"]
[BlackElo "2670"]
[PlyCount "147"]
[EventDate "2015.01.27"]
[EventType "swiss"]
[EventRounds "10"]
[EventCountry "ENG"]
[Source "lmi"]
[SourceDate "2015.01.27"]

1. Nf3 Nf6 2. c4 c5 3. Nc3 Nc6 4. d4 cxd4 5. Nxd4 e6 6. a3 d5 7. Bf4 Bc5 8.
Nxc6 bxc6 9. e3 O-O 10. Be2 a5 11. O-O Bd6 12. Bxd6 Qxd6 13. Qc2 Rb8 14. Rfd1
Bd7 15. Na4 Rb7 16. c5 Qe5 17. Nb6 Rfb8 18. Rab1 Ne4 19. Ba6 Ra7 20. Bd3 Nf6
21. h3 Be8 22. b4 axb4 23. axb4 h6 24. Rdc1 Nd7 25. Nxd7 Bxd7 26. b5 cxb5 27.
c6 Be8 28. Rxb5 Rxb5 29. Bxb5 Qd6 30. c7 Rxc7 31. Qxc7 Qxc7 32. Rxc7 Bxb5 33.
f4 Bd3 34. Kf2 g5 35. g3 Kg7 36. fxg5 hxg5 37. h4 gxh4 38. gxh4 Bg6 39. Kg3 Bh5
40. Rc8 Be2 41. Kf4 f6 42. Rc6 Kf7 43. Kg3 Bh5 44. Rc7+ Kg6 45. Re7 Kf5 46. Rg7
Be2 47. Kf2 Bh5 48. Ke1 Bg4 49. Kd2 Bf3 50. Kc3 Ke4 51. Kd2 e5 52. Rg1 Bh5 53.
Rg3 Kf5 54. Rg8 Bf3 55. Ke1 Bg4 56. Kf2 Bd1 57. Kg3 Ke4 58. Kf2 Kf5 59. Rd8 Ke6
60. Rh8 Kf5 61. Kg3 Be2 62. Kf2 Bd1 63. Rh7 Bg4 64. Kg2 Bd1 65. Kf2 Bg4 66. Rh6
Bd1 67. Rh8 Bg4 68. h5 Kg5 69. h6 Bf5 70. h7 Kh6 71. Rf8 Bxh7 72. Rxf6+ Kg5 73.
Rd6 Be4 74. Kg3 1/2-1/2

[Event "Tradewise Gibraltar Master 2015"]
[Site "Gibraltar ENG"]
[Date "2015.02.03"]
[Round "8.3"]
[White "Naroditsky, Daniel"]
[Black "Vitiugov, Nikita"]
[Result "1/2-1/2"]
[WhiteElo "2622"]
[BlackElo "2735"]
[PlyCount "60"]
[EventDate "2015.01.27"]
[EventType "swiss"]
[EventRounds "10"]
[EventCountry "ENG"]
[Source "lmi"]
[SourceDate "2015.01.27"]

1. e4 e6 2. d4 d5 3. Nd2 c5 4. Ngf3 cxd4 5. Nxd4 Nc6 6. Bb5 Bd7 7. Nxc6 Bxc6 8.
Bxc6+ bxc6 9. c4 Nf6 10. Qa4 Qc7 11. exd5 exd5 12. O-O Be7 13. b3 O-O 14. Bb2
Rab8 15. cxd5 Nxd5 16. Qg4 Bf6 17. Bxf6 Nxf6 18. Qf3 Rbd8 19. Ne4 Nxe4 20. Qxe4
Rfe8 21. Qc2 h6 22. Rad1 Qa5 23. g3 g6 24. Qxc6 Qxa2 25. Ra1 Qxb3 26. Rxa7 Qe6
27. Qxe6 Rxe6 28. Rfa1 Red6 29. Ra8 Rxa8 30. Rxa8+ Kg7 1/2-1/2

[Event "Tradewise Gibraltar Master 2015"]
[Site "Gibraltar ENG"]
[Date "2015.02.03"]
[Round "8.4"]
[White "Svidler, Peter"]
[Black "Hou, Yifan"]
[Result "1/2-1/2"]
[WhiteElo "2739"]
[BlackElo "2673"]
[PlyCount "105"]
[EventDate "2015.01.27"]
[EventType "swiss"]
[EventRounds "10"]
[EventCountry "ENG"]
[Source "lmi"]
[SourceDate "2015.01.27"]

1. c4 e6 2. Nc3 Nf6 3. e4 d5 4. cxd5 exd5 5. e5 Ne4 6. d4 Bb4 7. Qa4+ Nc6 8.
Bb5 O-O 9. Nge2 Bd7 10. O-O Bxc3 11. bxc3 a6 12. Bxc6 Bxc6 13. Qc2 Bb5 14. Re1
c5 15. f3 cxd4 16. Nxd4 Nc5 17. Ba3 b6 18. Qd2 Re8 19. Bxc5 bxc5 20. Nf5 Re6
21. h4 h6 22. a4 Bc4 23. Rab1 Rb8 24. Rxb8 Qxb8 25. Nd6 Qb3 26. f4 Qa2 27. Qxa2
Bxa2 28. Re2 Bb3 29. Rb2 c4 30. Rd2 g5 31. hxg5 hxg5 32. g3 f6 33. Rxd5 gxf4
34. gxf4 fxe5 35. fxe5 Bxa4 36. Kf2 Rh6 37. Ke3 Kf8 38. Nf5 Rh1 39. Rd6 Bc2 40.
Rf6+ Ke8 41. Nd6+ Ke7 42. Kd4 Rd1+ 43. Kxc4 a5 44. Nc8+ Ke8 45. Kc5 a4 46. e6
Bb3 47. e7 Bf7 48. c4 a3 49. Nd6+ Kd7 50. Rxf7 Rxd6 51. e8=Q+ Kxe8 52. Ra7 Rh6
53. Rxa3 1/2-1/2

[Event "Tradewise Gibraltar Master 2015"]
[Site "Gibraltar ENG"]
[Date "2015.02.03"]
[Round "8.5"]
[White "Rapport, Richard"]
[Black "Jakovenko, Dmitry"]
[Result "1/2-1/2"]
[WhiteElo "2716"]
[BlackElo "2733"]
[PlyCount "86"]
[EventDate "2015.01.27"]
[EventType "swiss"]
[EventRounds "10"]
[EventCountry "ENG"]
[Source "lmi"]
[SourceDate "2015.01.27"]

1. e4 e5 2. Nf3 Nc6 3. Nc3 Nf6 4. Bb5 Bb4 5. O-O O-O 6. d3 d6 7. Ne2 Ne7 8. c3
Ba5 9. Ng3 c6 10. Ba4 Ng6 11. d4 Re8 12. Bc2 Be6 13. h3 h6 14. Re1 b5 15. Bd2
Qc7 16. Qc1 Kh7 17. a4 a6 18. Nf5 Ng8 19. Qd1 Kh8 20. Ng5 Bb6 21. Qh5 Rad8 22.
axb5 axb5 23. Nxe6 Rxe6 24. d5 cxd5 25. exd5 Rf6 26. Re2 Qc4 27. Ra6 Rb8 28.
Ne3 Bxe3 29. Bxe3 b4 30. Ra4 Nf4 31. Bxf4 Rxf4 32. Rd2 Qc7 33. cxb4 Rfxb4 34.
b3 Rxa4 35. bxa4 Rb2 36. Qd1 Qa5 37. Re2 Nf6 38. Bb3 Rxe2 39. Qxe2 Qb4 40. Qc4
Qe1+ 41. Qf1 Qb4 42. Qc4 Qe1+ 43. Qf1 Qb4 1/2-1/2